000
00299nam a22001337a 4500
003
SGT
020
_a
9789348772183
082
_a
333.7
_b
SIN
100
_a
SINGH DR NITESH
245
_a
TEXTBOOK FOR ENVIRONMENTAL STUDIES
260
_a
INDIA
_b
SANKALP PUB
_c
2025
300
_a
192
942
_2
ddc
_c
BK
999
_c
33165
_d
33165